| 000 | 00000nam 2200000za 4500 |
| 001 | 9.856105 |
| 003 | CaOODSP |
| 005 | 20221107155449 |
| 007 | cr ||||||||||| |
| 008 | 180503t20072000onca #o f000 0 eng d |
| 020 | |z978-0-660-18236-X |
| 040 | |aCaOODSP|beng |
| 043 | |an-cn--- |
| 086 | 1 |aNH15-365/2000E-PDF|zNH15-365/2000E |
| 100 | 1 |aKesik, Ted J.|q(Theodore Jonathon),|d1954- |
| 245 | 10|aHomeowner's inspection checklist |h[electronic resource] / |cprepared for CMHC by Ted Kesik. |
| 250 | |aRevised 2002, 2007. |
| 260 | |a[Ottawa] : |bCanada Mortgage and Housing Corporation, |cc2000, 2007. |
| 300 | |a106, [4] p. : |bill. |
| 500 | |aIssued also in French under title: Guide d'inspection pour le propriétaire-occupant. |
| 500 | |aDigitized edition from print [produced by Canada Mortgage and Housing Corporation]. |
| 504 | |aIncludes bibliographic references. |
| 520 | |a"The Homeowner’s Inspection Checklist will help you identify symptoms, cause and cures for common problems in homes. This book is not a comprehensive inspection manual, nor will it replace an examination by a qualified home inspector. It will help you determine if you need a thorough inspection, if you can repair a problem yourself, or if you should consult a professional tradesperson or contractor"--P. 3. |
| 692 | 07|2gccst|aHousing |
| 710 | 2 |aCanada Mortgage and Housing Corporation. |
| 775 | 08|tGuide d'inspection pour le propriétaire-occupant |w(CaOODSP)9.856106 |
| 776 | 0#|tHomeowner's inspection checklist / |w(CaOODSP)9.647825 |
| 856 | 40|qPDF|s8.27 MB|uhttps://publications.gc.ca/collections/collection_2018/schl-cmhc/nh15/NH15-365-2000-eng.pdf |